LEADER 01005nam0-22003011--450- 001 990008216390403321 005 20051222161657.0 035 $a000821639 035 $aFED01000821639 035 $a(Aleph)000821639FED01 035 $a000821639 100 $a20051102d1927----km-y0itay50------ba 101 0 $ager 102 $aDE 105 $ay---n---001yy 200 1 $a<>staatsangehorige und seine Rechte, Insbesondere seine Vermogensrechte, im System des Volkerrechts$fvon Bernhard Meier 210 $aJena$cFischer$d1927 215 $aXVI, 160 p.$d25 cm 225 1 $aSchriften des Instituts für Wirtschaftsrecht an der Universität Jena$v6 676 $a341.26$v12 rid.$zita 700 1$aMeier,$bBernhard$0153234 801 0$aIT$bUNINA$gRICA$2UNIMARC 901 $aBK 912 $a990008216390403321 952 $aX H 4$b16455$fFGBC 959 $aFGBC 996 $aStaatsangehorige und seine Rechte, Insbesondere seine Vermogensrechte, im System des Volkerrechts$9739408 997 $aUNINA LEADER 01232nam a2200289 i 4500 001 991000255289707536 008 090526s2006 it b 101 0 ita d 020 $a8876001581 :$c27.00 EUR 035 $ab13832323-39ule_inst 040 $aFacoltà SSPT$bita 082 0 $a335.40 245 03$aLa prosa del comunismo critico :$bLabriola e Gramsci /$ca cura di Lea Durante e Pasquale Voza 260 $aBari :$bPalomar,$cc2006 300 $a339 p. ;$c21 cm 440 0$aPalomar athenaeum ;$v59 500 $aParte delle relazioni presentate al convegno "Pensare dubitando e il ritmo del pensiero in sviluppo, la prosa di Labriola e Gramsci," tenuto a Bari nel 2004 504 $aContiene riferimenti bibliografici e indice 600 14$aLabriola, Antonio,$d1843-1904$vCongressi 600 14$aGramsci, Antonio,$d1891-1937$vCongressi 700 1 $aDurante, Lea,$d1969- 700 1 $aVoza, Pasquale,$d1942- 907 $a.b13832323$b02-04-14$c26-05-09 912 $a991000255289707536 945 $aLE021 335.40 DUR01.01$g1$i2020000014492$lle021$op$pE27.00$q-$rn$s- $t0$u0$v0$w0$x0$y.i14972359$z26-05-09 996 $aProsa del comunismo critico$9233571 997 $aUNISALENTO 998 $ale020$b26-05-09$cm$da $e-$fita$git $h3$i0 LEADER 04171nam 2200781 a 450 001 9910785729503321 005 20200520144314.0 010 $a1-78170-268-3 010 $a1-84779-426-2 024 7 $a10.7765/9781847794260 035 $a(CKB)2670000000258721 035 $a(EBL)1069738 035 $a(OCoLC)818847560 035 $a(SSID)ssj0000727311 035 $a(PQKBManifestationID)12294978 035 $a(PQKBTitleCode)TC0000727311 035 $a(PQKBWorkID)10686552 035 $a(PQKB)11460353 035 $a(StDuBDS)EDZ0000099249 035 $a(OCoLC)1132670182 035 $a(MdBmJHUP)muse77853 035 $a(Au-PeEL)EBL1069738 035 $a(CaPaEBR)ebr10627267 035 $a(CaONFJC)MIL843670 035 $a(MiAaPQ)EBC1069738 035 $a(DE-B1597)660449 035 $a(DE-B1597)9781847794260 035 $a(EXLCZ)992670000000258721 100 $a20120830d2012 uy 0 101 0 $aeng 135 $aurcn||||||||| 181 $ctxt 182 $cc 183 $acr 200 10$aFrom victory to Vichy$b[electronic resource] $eveterans in inter-war France /$fChris Millington 210 $aManchester $cManchester University Press ;$aNew York : Distributed in the United States exclusively by Palgrave Macmillan$d2012 215 $a1 online resource (256 p.) 225 0 $aCultural History of Modern War 225 0$aCultural history of modern war 300 $aDescription based upon print version of record. 311 $a1-5261-0659-0 311 $a0-7190-8550-0 320 $aIncludes bibliographical references and index. 327 $aCopyright; Contents; Acknowledgements; List of abbreviations; Introduction The anciens combattants and their associations; 1. The Union fe?de?rale and the Union nationale des combattants: 1918-33; 2. 6 February 1934: The veterans' riot; 3. Building a combatants' republic: The campaign for state reform, 1934; 4. 'We are not fascists': The veterans and the extreme right; 5. Rejuvenating France: The Jeunes de l'UF and the Jeunes de l'UNC; 6. The veterans and the Popular Front; Conclusion Toward Vichy; Select bibliography; Index 330 $a"The most up-to-date and comprehensive English-language study of its kind, From victory to Vichy explores the political mobilisation of the two largest French veterans' associations during the interwar years, the Union fe?de?rale (UF) and the Union nationale des combattants (UNC). Drawing on extensive research into the associations' organisation, policies and tactics, this study argues that French veterans were more of a threat to democracy than previous scholarship has allowed. As France descended into crisis, the UF and the UNC sought to extend their influence into the non-veteran milieu through public demonstrations, propaganda campaigns and the foundation of auxiliary groups. Despite shifting policies and independent initiatives, by the end of the 1930s the UF and the UNC had come together in a campaign for authoritarian political reform, leaving them perfectly placed to become the 'eyes and ears' of Marshal Pe?tain's Vichy regime. Offering an original contribution to the history of late Third Republican political culture, From victory to Vichy will appeal to students and scholars of modern France and Europe."--Provided by publisher. 410 0$aCultural history of modern war. 606 $aWorld War, 1914-1918$xVeterans$zFrance$xSocieties, etc$xHistory 606 $aVeterans$zFrance$xSocieties, etc$xHistory 607 $aFrance$xHistory$y1914-1940 607 $aFrance$xPolitics and government$y1914-1940 610 $aFascism. 610 $aFirst World War. 610 $aFrance. 610 $aInterwar. 610 $aThird Republic. 610 $aVeterans. 610 $aVichy. 615 0$aWorld War, 1914-1918$xVeterans$xSocieties, etc.$xHistory. 615 0$aVeterans$xSocieties, etc.$xHistory. 676 $a369.244 700 $aMillington$b Chris$01475976 801 0$bMiAaPQ 801 1$bMiAaPQ 801 2$bMiAaPQ 906 $aBOOK 912 $a9910785729503321 996 $aFrom victory to Vichy$93690379 997 $aUNINA